LDS Temples in Canada - Statistics

General Stats
  • This quiz has been taken 28 times
    22 since last reset
  • The average score is 10 of 11
Answer Stats
Hint Answer % Correct
Alberta Cardston
100%
Alberta Edmonton
100%
Quebec Montreal
100%
Ontario Toronto
100%
British Columbia Vancouver
100%
Nova Scotia Halifax
90%
Saskatchewan Regina
90%
Manitoba Winnipeg
90%
British Columbia Victoria
80%
Alberta Calgary
70%
Alberta Lethbridge
60%
No matching quizzes found
Score Distribution
Percent of People with Each Score
Percentile by Number Answered
Your Score History
You have not taken this quiz since the last reset